| 000 | 00565nam a2200169 i 4500 | ||
|---|---|---|---|
| 001 | 99297 | ||
| 003 | ES-MaACL | ||
| 005 | 20230906182456.0 | ||
| 007 | t| | ||
| 008 | 050906s1972 sp ||||1| spa d | ||
| 100 | 1 |
_aMartín Oviedo, José María. _977592 |
|
| 245 | 1 | 0 |
_aFormación y aplicación del Derecho _b: (Aspectos actuales) / _cJosé María Martín Oviedo. |
| 260 |
_aMadrid : _bInstituto de Estudios políticos, _c1972. |
||
| 300 |
_a196 p. ; _c21 cm. |
||
| 710 | 2 |
_aInstituto de Estudios Políticos (Madrid) _94924 |
|
| 852 |
_aES-MaACL _jC-43361 _bR.82792 |
||
| 999 |
_c99297 _d99297 |
||